[Event "IECC M email"]
[Site "IECC email"]
[Date "1998.08.15"]
[Round "?"]
[White "Toye, Daniel T"]
[Black "Rosenau, Gareth W"]
[Result "1-0"]
[WhiteElo "1135"]
[BlackElo "1074"]
[PlyCount "49"]
[EventDate "1998.??.??"]
[EventType "tourn (corr)"]
[EventRounds "12"]
[SourceTitle "Corr 2008"]
[Source "ChessBase"]
[SourceDate "2008.06.24"]
[SourceVersion "1"]
[SourceVersionDate "2008.06.24"]
[SourceQuality "1"]

1. e4 e5 2. Nf3 Nc6 3. Bb5 Nf6 4. Bxc6 bxc6 5. Nc3 d6 6. d4 exd4 7. Nxd4 Bb7 8. 0-0 Be7 9. Nf5 0-0 10. Bg5 h6 11. Bxf6 Bxf6 12. Qg4 Qd7 13. Nxh6+ Kh7 14. Qxd7 Bxc3 15. bxc3 Kxh6 16. Qh3+ Kg6 17. f4 f5 18. Qg3+ Kh7 19. Rae1 Ba6 20. Rf3 Rab8 21. exf5 Rxf5 22. Qh4+ Kg6 23. Rg3+ Kf7 24. Qe7+ Kg8 25. Qxg7# 1-0

[Event "IECC M email"]
[Site "IECC email"]
[Date "1998.06.13"]
[Round "?"]
[White "Balaniuc, Humberto"]
[Black "Rosenau, Gareth W"]
[Result "0-1"]
[WhiteElo "1200"]
[BlackElo "1030"]
[PlyCount "30"]
[EventDate "1998.??.??"]
[EventType "tourn (corr)"]
[EventRounds "12"]
[SourceTitle "Corr 2008"]
[Source "ChessBase"]
[SourceDate "2008.06.24"]
[SourceVersion "1"]
[SourceVersionDate "2008.06.24"]
[SourceQuality "1"]

1. e4 e5 2. Nf3 Nc6 3. Bc4 Nf6 4. Ng5 d5 5. exd5 Nxd5 6. Qf3 Be6 7. Nxe6 fxe6 8. 0-0 Qd7 9. Nc3 0-0-0 10. Nxd5 exd5 11. Bxd5 Qxd5 12. Qxd5 Rxd5 13. d3 Bc5 14. Be3 Bxe3 15. fxe3 Nb4 0-1